Gyorstalpalós tanárok oktatják a médiaismeretet Ketyeg már a médiaóra
Elmentve itt :
| Dokumentumtípus: | Cikk |
|---|---|
| Megjelent: |
2005-11-23
|
| Sorozat: | Délmagyarország
95 No. 274 |
| Kulcsszavak: | Oktatás, médiaismeret |
| Online Access: | http://dmarchiv.bibl.u-szeged.hu/126330 |
| LEADER | 00460nab a2200145 i 4500 | ||
|---|---|---|---|
| 001 | delm126330 | ||
| 005 | 20191127140408.0 | ||
| 008 | 191127s2005 hu o 0|| hun d | ||
| 040 | |a SZTE Délmagyarország Archívum |b hun | ||
| 041 | |a hun | ||
| 245 | 0 | 0 | |a Gyorstalpalós tanárok oktatják a médiaismeretet |h [elektronikus dokumentum] : |b Ketyeg már a médiaóra |
| 260 | |c 2005-11-23 | ||
| 300 | |a 7 | ||
| 490 | 0 | |a Délmagyarország |v 95 No. 274 | |
| 695 | |a Oktatás, médiaismeret | ||